000
00271nam a22001217a 4500
008
160507b xxu||||| |||| 00| 0 eng d
020
_a
9780805318081
020
_a
0805318089
041
_a
eng
080
_a
573
245
_a
Biology:
_c
Neil A. Campbell;
942
_2
udc
_c
BK
999
_c
1902
_d
1902